| 000 | 00828nam a2200205 i 4500 | ||
|---|---|---|---|
| 001 | 160854 | ||
| 003 | ES-MaACL | ||
| 005 | 20250806070430.0 | ||
| 008 | 020924s1878 sp |||| | spa d | ||
| 040 |
_aCCPB | B _bspa _cCCPB | B |
||
| 100 | 1 |
_aObled, L.H. Robert. _9130583 |
|
| 245 | 1 | 0 |
_aEstudio sobre las úlceras simples del cuello del útero _b: exposición nosológica, tratamiento / _cpor L.H. Robert Obled. |
| 260 |
_aMadrid : _b[s.n.], _c1878 ( _fImprenta de Enrique Teodoro) |
||
| 300 |
_a92, [2] p. ; _c23 cm. |
||
| 490 | 1 | _aBiblioteca Económica de Medicina y Cirujía | |
| 650 | 4 |
_aÚtero- _xTratamiento. _9137010 |
|
| 830 | 0 |
_aBiblioteca económica de medicina y cirujía _9186248 |
|
| 852 |
_aES-MaACL _jB-12698(6) _z-- Enc. pasta española _z-- Enc. en un vol. facticio |
||
| 999 |
_c160854 _d160854 |
||